[Event "Rocca Priora op 6th"]
[Site "Rocca Priora"]
[Date "2012.08.15"]
[Round "7"]
[White "Maggi, Fabrizio"]
[Black "Corvi, Marco"]
[Result "0-1"]
[WhiteElo "2105"]
[BlackElo "2283"]
[PlyCount "69"]
[EventDate "2012.08.11"]
[EventType "swiss"]
[EventRounds "7"]
[EventCountry "ITA"]
[SourceTitle "EXT 2014"]
[Source "ChessBase"]
[SourceDate "2013.11.20"]
[SourceVersion "1"]
[SourceVersionDate "2013.11.20"]
[SourceQuality "1"]

1. c4 e5 2. Nc3 Nf6 3. Nf3 Nc6 4. e3 d5 5. cxd5 Nxd5 6. Bb5 Nxc3 7. bxc3 Bd6 8. d4 e4 9. Nd2 Qg5 10. Bf1 Qg6 11. Rb1 0-0 12. Qc2 Re8 13. g3 b6 14. Bg2 f5 15. 0-0 h5 16. f4 Ba6 17. c4 Na5 18. Rf2 h4 19. gxh4 Be7 20. h5 Qg4 21. h3 Qg3 22. Nf1 Qh4 23. Nd2 Rad8 24. h6 Rd6 25. Bb2 Rg6 26. c5 Bd3 27. Qa4 Rd8 28. Rc1 Qxh3 29. cxb6 Bh4 30. h7+ Kxh7 31. Rcf1 Bxf1 32. Kxf1 Qxe3 33. Re2 Qxf4+ 34. Kg1 axb6 35. Qb5 0-1

[Event "Rocca Priora op 6th"]
[Site "Rocca Priora"]
[Date "2012.08.14"]
[Round "5"]
[White "Maggi, Fabrizio"]
[Black "Pompa, Alessandro"]
[Result "1/2-1/2"]
[WhiteElo "2105"]
[BlackElo "2065"]
[PlyCount "84"]
[EventDate "2012.08.11"]
[EventType "swiss"]
[EventRounds "7"]
[EventCountry "ITA"]
[SourceTitle "EXT 2014"]
[Source "ChessBase"]
[SourceDate "2013.11.20"]
[SourceVersion "1"]
[SourceVersionDate "2013.11.20"]
[SourceQuality "1"]

1. e4 c6 2. d4 d5 3. exd5 cxd5 4. c4 Nf6 5. Nc3 e6 6. a3 b6 7. Nf3 Be7 8. Bd3 0-0 9. 0-0 dxc4 10. Bxc4 Bb7 11. Qe2 Nc6 12. Rd1 Na5 13. Ba2 Rc8 14. Ne5 Nd5 15. Bd2 Nxc3 16. bxc3 Bd5 17. c4 Ba8 18. d5 exd5 19. cxd5 Bd6 20. Ng4 Re8 21. Ne3 Qh4 22. g3 Qe4 23. Qh5 g6 24. Qg4 f5 25. Qxe4 Rxe4 26. Rac1 Bb7 27. Bb4 Rd8 28. Rc6 Bb8 29. d6+ Kg7 30. Rcc1 Rd7 31. Bd5 Bxd5 32. Rxd5 Re8 33. Bxa5 bxa5 34. Rc6 Red8 35. Nc4 a4 36. f4 Kf6 37. Kf2 Ke6 38. Re5+ Kf6 39. Rd5 Ke6 40. Re5+ Kf6 41. Ra5 Ke6 42. Re5+ Kf6 1/2-1/2

[Event "ITA-chT"]
[Site "Arvier"]
[Date "2012.05.01"]
[Round "7"]
[White "Vocaturo, Daniele"]
[Black "Maggi, Fabrizio"]
[Result "1-0"]
[WhiteElo "2536"]
[BlackElo "2132"]
[PlyCount "61"]
[EventDate "2012.04.27"]
[EventType "team-swiss"]
[EventRounds "7"]
[EventCountry "ITA"]
[SourceTitle "CBM 148 Extra"]
[Source "ChessBase"]
[SourceDate "2012.06.22"]
[SourceVersion "1"]
[SourceVersionDate "2012.06.22"]
[SourceQuality "1"]
[WhiteTeam "Pesaro Scavolini Datagest"]
[BlackTeam "Rome Arrocco"]
[WhiteTeamCountry "ITA"]
[BlackTeamCountry "ITA"]

1. d4 d5 2. Nf3 c5 3. e3 Nc6 4. b3 cxd4 5. exd4 Nf6 6. Bb2 Bg4 7. h3 Bf5 8. Bd3 Bxd3 9. Qxd3 e6 10. 0-0 Bd6 11. c4 0-0 12. Nbd2 a5 13. a3 Re8 14. Rfe1 Qb8 15. Rac1 a4 16. c5 Bf4 17. b4 e5 18. dxe5 Nxe5 19. Nxe5 Bxe5 20. Bxe5 Rxe5 21. Qd4 Rxe1+ 22. Rxe1 Qc7 23. Nb1 Qd7 24. Nc3 h5 25. Re5 Re8 26. Nxd5 Nxd5 27. Rxd5 Re1+ 28. Kh2 Qc7+ 29. f4 h4 30. Rd8+ Kh7 31. Qd3+ 1-0

[Event "ITA-chT"]
[Site "Arvier"]
[Date "2012.04.29"]
[Round "4"]
[White "Saccona, Silvano"]
[Black "Maggi, Fabrizio"]
[Result "1/2-1/2"]
[WhiteElo "2178"]
[BlackElo "2132"]
[PlyCount "152"]
[EventDate "2012.04.27"]
[EventType "team-swiss"]
[EventRounds "7"]
[EventCountry "ITA"]
[SourceTitle "CBM 148 Extra"]
[Source "ChessBase"]
[SourceDate "2012.06.22"]
[SourceVersion "1"]
[SourceVersionDate "2012.06.22"]
[SourceQuality "1"]
[WhiteTeam "Eporediese Ivrea"]
[BlackTeam "Rome Arrocco"]
[WhiteTeamCountry "ITA"]
[BlackTeamCountry "ITA"]

1. d4 d5 2. Bf4 Nf6 3. c3 Bf5 4. e3 e6 5. Nf3 c6 6. Qb3 Qb6 7. Nbd2 Nbd7 8. Be2 Be7 9. h3 h6 10. 0-0 0-0 11. a4 c5 12. Qa2 a5 13. Bb5 Rfc8 14. Ne5 Nxe5 15. Bxe5 Ne4 16. Nxe4 Bxe4 17. dxc5 Bxc5 18. Bd4 Qd6 19. Rad1 Bxd4 20. exd4 Qf4 21. Rfe1 Qg5 22. Bf1 f5 23. Kh1 f4 24. f3 Bf5 25. Bd3 Rf8 26. Bxf5 Qxf5 27. Re5 Qg6 28. Rde1 Rae8 29. Qb3 Kh8 30. Qb6 Qc2 31. R5e2 Qd3 32. Qxa5 Ra8 33. Qb4 Rf6 34. Qb5 Qf5 35. Qd7 Qg5 36. Rxe6 Rxe6 37. Qxe6 Ra6 38. Qg4 Qxg4 39. hxg4 Rxa4 40. Re8+ Kh7 41. Rb8 Ra7 42. g3 g5 43. gxf4 gxf4 44. Rd8 Ra1+ 45. Kg2 Re1 46. Rd7+ Kg6 47. Rxb7 Re2+ 48. Kf1 Rc2 49. Ke1 Kg5 50. Rf7 Rxb2 51. Rf5+ Kh4 52. Rxf4 Kg3 53. Rf5 Rc2 54. g5 hxg5 55. Rxg5+ Kxf3 56. Rxd5 Rxc3 57. Kd2 Ke4 58. Kxc3 Kxd5 59. Kd3 Kd6 60. Ke4 Ke6 61. Kf4 Kd5 62. Ke3 Kd6 63. Ke4 Ke6 64. d5+ Kd6 65. Kd4 Kd7 66. Kc3 Kd6 67. Kc4 Kd7 68. Kd3 Kd6 69. Kd4 Kd7 70. Kc5 Kc7 71. d6+ Kd7 72. Kd5 Kd8 73. Ke6 Ke8 74. Ke5 Kd7 75. Kd5 Kd8 76. Kc6 Kc8 1/2-1/2

[Event "ITA-chT"]
[Site "Arvier"]
[Date "2012.04.27"]
[Round "1"]
[White "De Val, Daniele"]
[Black "Maggi, Fabrizio"]
[Result "1-0"]
[WhiteElo "2191"]
[BlackElo "2132"]
[PlyCount "60"]
[EventDate "2012.04.27"]
[EventType "team-swiss"]
[EventRounds "7"]
[EventCountry "ITA"]
[SourceTitle "CBM 148 Extra"]
[Source "ChessBase"]
[SourceDate "2012.06.22"]
[SourceVersion "1"]
[SourceVersionDate "2012.06.22"]
[SourceQuality "1"]
[WhiteTeam "Triestina"]
[BlackTeam "Rome Arrocco"]
[WhiteTeamCountry "ITA"]
[BlackTeamCountry "ITA"]

1. c4 f5 2. g3 Nf6 3. Bg2 g6 4. Nc3 Bg7 5. d3 d6 6. e4 c6 7. Nge2 Na6 8. 0-0 0-0 9. Rb1 fxe4 10. dxe4 Nc7 11. b3 Ne6 12. h3 g5 13. f4 gxf4 14. gxf4 Qe8 15. Ng3 Nd7 16. Nce2 a5 17. Nf5 Bf6 18. Neg3 Ng7 19. Nxg7 Bxg7 20. Nh5 Bh8 21. Rf3 Nf6 22. Rg3+ Kf7 23. Nxf6 Bxf6 24. Qh5+ Ke6 25. Qf5+ Kf7 26. Qxh7+ Ke6 27. Qf5+ Kf7 28. Qh5+ Ke6 29. Qg4+ Kf7 30. f5 Qd8 1-0

[Event "Frascati Santa Cecilia op 2nd"]
[Site "Frascati"]
[Date "2009.11.21"]
[Round "2"]
[White "Napoli, Nicolo"]
[Black "Maggi, Fabrizio"]
[Result "1-0"]
[WhiteElo "2389"]
[BlackElo "2126"]
[PlyCount "44"]
[EventDate "2009.11.20"]
[EventType "swiss"]
[EventRounds "5"]
[EventCountry "ITA"]
[SourceTitle "EXT 2012"]
[Source "ChessBase"]
[SourceDate "2011.11.24"]
[SourceVersion "1"]
[SourceVersionDate "2011.11.24"]
[SourceQuality "1"]

1. d4 f5 2. Bg5 d5 3. c4 Nf6 4. Bxf6 exf6 5. Nc3 Bb4 6. e3 Nc6 7. Nh3 Be6 8. Nf4 Bf7 9. Qb3 Bxc3+ 10. bxc3 dxc4 11. Bxc4 Bxc4 12. Qxc4 Qd7 13. 0-0 Na5 14. Qb4 b6 15. d5 Qd6 16. Ne6 Kf7 17. Rfd1 c5 18. Qh4 Nb7 19. Rd3 Qe5 20. Rad1 Nd6 21. Qa4 b5 22. Qa6 Rhe8 1-0

[Event "Rome Elo op 5th"]
[Site "Rome"]
[Date "2009.09.16"]
[Round "1"]
[White "Maggi, Fabrizio"]
[Black "Di Dario, Dario"]
[Result "1/2-1/2"]
[WhiteElo "2104"]
[BlackElo "1713"]
[PlyCount "138"]
[EventDate "2009.09.16"]
[EventType "swiss"]
[EventRounds "5"]
[EventCountry "ITA"]
[SourceTitle "EXT 2012"]
[Source "ChessBase"]
[SourceDate "2011.11.24"]
[SourceVersion "1"]
[SourceVersionDate "2011.11.24"]
[SourceQuality "1"]

1. c4 f5 2. d4 Nf6 3. Nc3 e6 4. Nf3 Bb4 5. Bf4 0-0 6. e3 b6 7. Bd3 Bb7 8. Qc2 Bxc3+ 9. Qxc3 Ne4 10. Qc2 d6 11. h4 h6 12. h5 Nd7 13. Nh4 e5 14. dxe5 dxe5 15. Bg3 Nxg3 16. fxg3 e4 17. Be2 Qg5 18. Ng6 Qxg3+ 19. Kf1 Rfe8 20. Rh3 Qd6 21. Rd1 Qc6 22. c5 Nxc5 23. Rg3 Qf6 24. Qc4+ Kh7 25. b4 Ne6 26. Nf4 Nxf4 27. exf4 Re7 28. Qd4 Qxd4 29. Rxd4 Bc6 30. b5 Be8 31. Rd5 g6 32. Kf2 Bf7 33. hxg6+ Bxg6 34. Ke3 Rf8 35. Bc4 Rf6 36. Rd8 Rd6 37. Rxd6 cxd6 38. Bd5 Bf7 39. Bxf7 Rxf7 40. Kd4 Rg7 41. Ra3 Re7 42. Re3 Kg7 43. Kd5 Rc7 44. Kxd6 Rc5 45. Ra3 Kf6 46. Rh3 Kg6 47. a4 Rc4 48. Rg3+ Kf6 49. Rh3 Kg6 50. Ke5 Rxa4 51. Rg3+ Kf7 52. Kxf5 Rb4 53. Rc3 Rxb5+ 54. Kxe4 Rc5 55. Rxc5 bxc5 56. Kd5 Kf6 57. g4 Kg6 58. Ke6 c4 59. f5+ Kg5 60. f6 c3 61. f7 c2 62. f8Q c1Q 63. Qg7+ Kh4 64. Qxa7 Qe1+ 65. Kf6 Qc3+ 66. Kg6 Qc6+ 67. Kg7 Kxg4 68. Qd4+ Kg3 69. Qg1+ Qg2 1/2-1/2

[Event "Campobasso op 16th"]
[Site "Campobasso"]
[Date "2009.07.24"]
[Round "2"]
[White "Lazarev, Vladimir"]
[Black "Maggi, Fabrizio"]
[Result "1-0"]
[WhiteElo "2462"]
[BlackElo "2074"]
[PlyCount "117"]
[EventDate "2009.07.24"]
[EventType "swiss"]
[EventRounds "6"]
[EventCountry "ITA"]
[SourceTitle "EXT 2012"]
[Source "ChessBase"]
[SourceDate "2011.11.24"]
[SourceVersion "1"]
[SourceVersionDate "2011.11.24"]
[SourceQuality "1"]

1. d4 f5 2. g3 Nf6 3. Bg2 g6 4. Nf3 Bg7 5. b4 d6 6. Bb2 c6 7. c4 Na6 8. a3 Nc7 9. 0-0 0-0 10. Qc2 Bd7 11. Nbd2 Qe8 12. Rfe1 h6 13. e4 fxe4 14. Nxe4 Qf7 15. Nxf6+ exf6 16. Nd2 f5 17. d5 Rae8 18. dxc6 Bxc6 19. Bxg7 Qxg7 20. Bxc6 bxc6 21. Qd3 Qf6 22. Rad1 d5 23. cxd5 Nxd5 24. Nf3 Nc3 25. Qc4+ Kh8 26. Rc1 Rxe1+ 27. Nxe1 Re8 28. Kg2 Nb5 29. a4 Nd4 30. Rd1 Rd8 31. Qc3 Rd6 32. Nf3 Nxf3 33. Qxf6+ Rxf6 34. Kxf3 Kg7 35. Rd8 Rf7 36. Rc8 Rb7 37. Rxc6 Rxb4 38. Rc7+ Kf6 39. Rxa7 Rb3+ 40. Kg2 Ra3 41. h4 h5 42. a5 f4 43. Ra6+ Kf5 44. gxf4 Kxf4 45. Rf6+ Kg4 46. Rxg6+ Kxh4 47. a6 Ra4 48. Kf3 Kh3 49. Ke3 h4 50. f4 Ra3+ 51. Ke2 Ra2+ 52. Kd3 Kh2 53. f5 h3 54. Ke4 Kh1 55. Kf3 h2 56. Re6 Rf2+ 57. Kg3 Rf1 58. a7 Ra1 59. a8Q+ 1-0

[Event "Viterbo op 6th"]
[Site "Viterbo"]
[Date "2009.06.02"]
[Round "6"]
[White "Isonzo, Davide"]
[Black "Maggi, Fabrizio"]
[Result "1-0"]
[WhiteElo "2367"]
[BlackElo "2053"]
[PlyCount "72"]
[EventDate "2009.05.30"]
[EventType "swiss"]
[EventRounds "7"]
[EventCountry "ITA"]
[SourceTitle "EXT 2011"]
[Source "ChessBase"]
[SourceDate "2010.11.26"]
[SourceVersion "1"]
[SourceVersionDate "2010.11.26"]
[SourceQuality "1"]

1. e4 e5 2. Nf3 Nc6 3. Bb5 Nf6 4. 0-0 Nxe4 5. Re1 Nd6 6. Nxe5 Be7 7. Bd3 Nxe5 8. Rxe5 0-0 9. Nc3 c6 10. b3 Ne8 11. Bb2 Nf6 12. Qe2 Bd6 13. Rf5 g6 14. Ne4 Nxe4 15. Qxe4 Qe7 16. Qd4 f6 17. Rxf6 Rxf6 18. Qxf6 Qxf6 19. Bxf6 Bf4 20. Re1 Bxd2 21. Re7 Bh6 22. Bc4+ d5 23. Bd3 c5 24. h4 Bf8 25. Rc7 b6 26. c4 Be6 27. h5 Bf7 28. hxg6 hxg6 29. cxd5 a5 30. a4 Re8 31. Kf1 c4 32. Bxc4 Bb4 33. g3 Re1+ 34. Kg2 Rc1 35. Rc8+ Bf8 36. Be7 Bxd5+ 1-0

[Event "Viterbo op 6th"]
[Site "Viterbo"]
[Date "2009.06.02"]
[Round "7"]
[White "Maggi, Fabrizio"]
[Black "Gerardi, Saverio"]
[Result "1/2-1/2"]
[WhiteElo "2053"]
[BlackElo "2187"]
[PlyCount "20"]
[EventDate "2009.05.30"]
[EventType "swiss"]
[EventRounds "7"]
[EventCountry "ITA"]
[SourceTitle "EXT 2011"]
[Source "ChessBase"]
[SourceDate "2010.11.26"]
[SourceVersion "1"]
[SourceVersionDate "2010.11.26"]
[SourceQuality "1"]

1. c4 Nf6 2. Nc3 e6 3. e4 d6 4. d4 Be7 5. f4 c5 6. d5 exd5 7. cxd5 0-0 8. Nf3 Re8 9. Be2 Bf8 10. e5 Nbd7 1/2-1/2

[Event "Viterbo op 6th"]
[Site "Viterbo"]
[Date "2009.05.31"]
[Round "3"]
[White "Maggi, Fabrizio"]
[Black "Caleffi, Cesare"]
[Result "1-0"]
[WhiteElo "2053"]
[BlackElo "2003"]
[PlyCount "93"]
[EventDate "2009.05.30"]
[EventType "swiss"]
[EventRounds "7"]
[EventCountry "ITA"]
[SourceTitle "EXT 2011"]
[Source "ChessBase"]
[SourceDate "2010.11.26"]
[SourceVersion "1"]
[SourceVersionDate "2010.11.26"]
[SourceQuality "1"]

1. c4 c6 2. e4 d5 3. exd5 cxd5 4. d4 Nf6 5. Nc3 e6 6. a3 dxc4 7. Bxc4 Nc6 8. Nf3 Be7 9. 0-0 0-0 10. Bf4 a6 11. Ba2 b5 12. d5 exd5 13. Nxd5 Nxd5 14. Bxd5 Bb7 15. Ne5 Na5 16. Bxb7 Nxb7 17. Qf3 Na5 18. Rfd1 Qb6 19. Nd7 Qg6 20. Nxf8 Rxf8 21. Bd2 Nc4 22. Bb4 Bxb4 23. axb4 Nxb2 24. Rd7 Re8 25. h4 h6 26. h5 Qe6 27. Qd5 Qxd5 28. Rxd5 Re6 29. Ra2 Nc4 30. Rd8+ Kh7 31. Rd7 Ne5 32. Ra7 Nd3 33. R2xa6 Re1+ 34. Kh2 Nxb4 35. Rb6 Re5 36. g4 f5 37. Rbb7 fxg4 38. Rxg7+ Kh8 39. Rh7+ Kg8 40. Rxh6 Nd5 41. Rg6+ Kf8 42. h6 Ne7 43. Rg7 Nc8 44. Raf7+ Ke8 45. h7 Rh5+ 46. Kg2 Nd6 47. Ra7 1-0

[Event "Viterbo op 6th"]
[Site "Viterbo"]
[Date "2009.05.30"]
[Round "1"]
[White "Maggi, Fabrizio"]
[Black "Vargiu, Antonio"]
[Result "1-0"]
[WhiteElo "2053"]
[BlackElo "1841"]
[PlyCount "59"]
[EventDate "2009.05.30"]
[EventType "swiss"]
[EventRounds "7"]
[EventCountry "ITA"]
[SourceTitle "EXT 2011"]
[Source "ChessBase"]
[SourceDate "2010.11.26"]
[SourceVersion "1"]
[SourceVersionDate "2010.11.26"]
[SourceQuality "1"]

1. c4 e6 2. Nc3 d5 3. d4 c6 4. e4 dxe4 5. Nxe4 Nf6 6. Nc3 Nbd7 7. Nf3 Bd6 8. Bg5 0-0 9. Bd3 e5 10. d5 Nc5 11. 0-0 Bg4 12. h3 Bh5 13. Re1 Re8 14. Ne4 cxd5 15. cxd5 Nxd3 16. Qxd3 Rc8 17. Qb3 Rc7 18. Rac1 Rxc1 19. Rxc1 Bg6 20. Bxf6 gxf6 21. Nxd6 Qxd6 22. Qxb7 e4 23. Nd4 e3 24. fxe3 Qg3 25. Nf3 Bf5 26. Qc7 Qg7 27. Kf2 h6 28. Qf4 Be4 29. d6 Kh7 30. d7 1-0

[Event "Rome Elo op 4th"]
[Site "Rome"]
[Date "2009.05.13"]
[Round "2"]
[White "Maggi, Fabrizio"]
[Black "Nassetti, Francesco"]
[Result "1-0"]
[WhiteElo "2053"]
[BlackElo "1843"]
[PlyCount "120"]
[EventDate "2009.05.06"]
[EventType "swiss"]
[EventRounds "7"]
[EventCountry "ITA"]
[SourceTitle "EXT 2011"]
[Source "ChessBase"]
[SourceDate "2010.11.26"]
[SourceVersion "1"]
[SourceVersionDate "2010.11.26"]
[SourceQuality "1"]

1. c4 e6 2. Nc3 Nf6 3. e4 Bb4 4. e5 Ng8 5. Qg4 g6 6. d4 d6 7. Nf3 Nc6 8. Bg5 Qd7 9. Be2 b6 10. h4 h5 11. Qf4 Bb7 12. 0-0 Bxc3 13. bxc3 Nce7 14. a4 Nf5 15. a5 Nge7 16. axb6 cxb6 17. Bf6 Rf8 18. Ng5 Qc6 19. Bf3 d5 20. Nh7 Qxc4 21. Nxf8 Kxf8 22. Qd2 a5 23. Rfb1 Qc7 24. Qb2 Nc8 25. Be2 Nfe7 26. Qd2 Nf5 27. Bd3 Nce7 28. Qb2 Nc8 29. Bxf5 exf5 30. Qb3 Qc4 31. Qa3+ Kg8 32. Qc1 Kh7 33. Qa3 Kg8 34. Qa4 Qxa4 35. Rxa4 Ba6 36. Bd8 Bd3 37. Rb2 Ra6 38. f3 Bc4 39. g4 fxg4 40. fxg4 hxg4 41. Rg2 Bb3 42. Ra1 a4 43. Rxg4 Kf8 44. h5 gxh5 45. Rh4 b5 46. Rxh5 Rg6+ 47. Kf2 Ke8 48. Bf6 Nb6 49. Rh8+ Kd7 50. Rd8+ Kc6 51. Rf8 Kd7 52. Rxf7+ Kc6 53. Bd8 Nd7 54. Rg1 Rxg1 55. Kxg1 a3 56. Rf1 Bc2 57. Ra1 Nb6 58. Bxb6 Kxb6 59. Rxa3 Bf5 60. Kf2 b4 1-0

[Event "Rome Elo op 2nd"]
[Site "Rome"]
[Date "2009.02.04"]
[Round "4"]
[White "Giuliani, Sante"]
[Black "Maggi, Fabrizio"]
[Result "0-1"]
[WhiteElo "1935"]
[BlackElo "2039"]
[PlyCount "92"]
[EventDate "2009.01.14"]
[EventType "swiss"]
[EventRounds "7"]
[EventCountry "ITA"]
[SourceTitle "EXT 2011"]
[Source "ChessBase"]
[SourceDate "2010.11.26"]
[SourceVersion "1"]
[SourceVersionDate "2010.11.26"]
[SourceQuality "1"]

1. Nf3 f5 2. d3 Nf6 3. g3 g6 4. Bg2 Bg7 5. 0-0 0-0 6. Nbd2 d6 7. c3 Nc6 8. Qb3+ Kh8 9. Ng5 Qe8 10. Bxc6 bxc6 11. Ne6 Bxe6 12. Qxe6 Qc8 13. Qxc8 Raxc8 14. e4 Nd7 15. exf5 Rxf5 16. d4 c5 17. Nb3 cxd4 18. Nxd4 Bxd4 19. cxd4 Nb6 20. b3 c5 21. dxc5 Rfxc5 22. Bb2+ Kg8 23. Rac1 Rc2 24. Rxc2 Rxc2 25. Rb1 Kf7 26. a3 e5 27. Bc1 d5 28. Bg5 Ke6 29. Rc1 Rxc1+ 30. Bxc1 d4 31. Kf1 Kd5 32. Ke2 e4 33. Bd2 Nd7 34. Bb4 Ne5 35. h3 Nd3 36. Bd2 Nc5 37. b4 Na4 38. f4 Nb2 39. Bc1 Nc4 40. g4 d3+ 41. Kd1 e3 42. f5 gxf5 43. gxf5 Ke5 44. f6 Kxf6 45. Bxe3 Nxe3+ 46. Kd2 Nc4+ 0-1

[Event "Rome Elo op 2nd"]
[Site "Rome"]
[Date "2009.01.21"]
[Round "2"]
[White "Pastore, Cosmas"]
[Black "Maggi, Fabrizio"]
[Result "1/2-1/2"]
[WhiteElo "1806"]
[BlackElo "2039"]
[PlyCount "92"]
[EventDate "2009.01.14"]
[EventType "swiss"]
[EventRounds "7"]
[EventCountry "ITA"]
[SourceTitle "EXT 2011"]
[Source "ChessBase"]
[SourceDate "2010.11.26"]
[SourceVersion "1"]
[SourceVersionDate "2010.11.26"]
[SourceQuality "1"]

1. e4 e6 2. d4 d5 3. Nd2 c5 4. c3 Nc6 5. Ngf3 cxd4 6. cxd4 dxe4 7. Nxe4 Be7 8. Be3 Nf6 9. Nc3 0-0 10. h3 b6 11. Bb5 Bb7 12. 0-0 a6 13. Ba4 b5 14. Bc2 Nb4 15. Bb1 Rc8 16. Qe2 Nbd5 17. Ne4 Nxe4 18. Bxe4 Nxe3 19. Qxe3 Bxe4 20. Qxe4 Rc4 21. Qb7 Bf6 22. Qxa6 Qb8 23. Qa3 Bxd4 24. Nxd4 Rxd4 25. Qb3 h5 26. Rac1 Rfd8 27. Rc3 b4 28. Rc4 Qf4 29. Rxd4 Rxd4 30. Qe3 Qd6 31. Qf3 h4 32. Rc1 g6 33. Qf6 Rd1+ 34. Rxd1 Qxd1+ 35. Kh2 Qd6+ 36. Kg1 Qd1+ 37. Kh2 Qd6+ 38. Kg1 Qd2 39. Qe5 Kh7 40. Qf6 Kg8 41. Qe5 Kh7 42. Qf6 Qe1+ 43. Kh2 Kg8 44. Qd8+ Kg7 45. Qd4+ Kg8 46. Qd8+ Kg7 1/2-1/2

[Event "Rome Elo op 1st"]
[Site "Rome"]
[Date "2008.11.26"]
[Round "7"]
[White "Quimi, Marco"]
[Black "Maggi, Fabrizio"]
[Result "1/2-1/2"]
[WhiteElo "2239"]
[BlackElo "2022"]
[PlyCount "194"]
[EventDate "2008.10.15"]
[EventType "swiss"]
[EventRounds "7"]
[EventCountry "ITA"]
[SourceTitle "EXT 2011"]
[Source "ChessBase"]
[SourceDate "2010.11.26"]
[SourceVersion "1"]
[SourceVersionDate "2010.11.26"]
[SourceQuality "1"]

1. e4 e5 2. Nf3 Nc6 3. Bb5 Nf6 4. d3 d6 5. 0-0 g6 6. Nbd2 Bg7 7. Re1 Bd7 8. Nf1 a6 9. Ba4 b5 10. Bb3 Na5 11. Bg5 Nxb3 12. axb3 c5 13. Qd2 0-0 14. h3 Qc7 15. Ne3 Be6 16. Qa5 Qd7 17. Bxf6 Bxf6 18. Nd5 Bd8 19. Qd2 f5 20. b4 fxe4 21. dxe4 Bxh3 22. Ng5 Bxg5 23. Qxg5 Qg4 24. Qxg4 Bxg4 25. c3 Ra7 26. Ne3 Be6 27. Red1 cxb4 28. Rxd6 Kf7 29. cxb4 Rfa8 30. Rb6 Rd7 31. Rxb5 axb5 32. Rxa8 Rd4 33. Ra7+ Kf6 34. Ra6 Kf7 35. Ra7+ Kf6 36. f3 Rxb4 37. Nd1 h5 38. Ra6 Kf7 39. Kf2 Rb3 40. Rd6 h4 41. Rd2 Kf6 42. Ne3 Ke7 43. Nd1 Kf6 44. Nc3 Ke7 45. Ne2 g5 46. Nc3 Bc4 47. Nd1 Be6 48. Ne3 Kf6 49. Nd1 Ke7 50. Nc3 Bc4 51. Ke1 Be6 52. Kd1 b4 53. Na2 g4 54. fxg4 Bxg4+ 55. Kc2 Be6 56. Kc1 Bf7 57. Rc2 Kd6 58. Rf2 Be6 59. Kc2 Re3 60. Nxb4 Rxe4 61. Nd3 Rc4+ 62. Kd2 e4 63. Nf4 Rb4 64. Ke3 Bf7 65. Ne2 Be6 66. Nc3 Ke5 67. Rd2 Rb3 68. Rf2 h3 69. gxh3 Bxh3 70. Rh2 Bf5 71. Rd2 Be6 72. Rf2 Bf5 73. Rh2 Be6 74. Rd2 Bf7 75. Rh2 Be6 76. Rh5+ Bf5 77. Rh2 Be6 78. Rd2 Bf7 79. Kf2 Be6 80. Re2 Bf5 81. Ke3 Be6 82. Rd2 Bf7 83. Re2 Be6 84. Rg2 Bf5 85. Rc2 Be6 86. Kd2 Bf5 87. Ke3 Be6 88. Rd2 Bf7 89. Kf2 Be6 90. Re2 Bf5 91. Kg3 Bg6 92. Kf2 Bf5 93. Ke3 Be6 94. Kf2 Bf5 95. Rd2 Be6 96. Ke3 Bf7 97. Rc2 Be6 1/2-1/2

[Event "Porto San Giorgio op 20th"]
[Site "Porto San Giorgio"]
[Date "2008.08.29"]
[Round "9"]
[White "Maggi, Fabrizio"]
[Black "Massironi, Marco"]
[Result "0-1"]
[WhiteElo "2009"]
[BlackElo "2145"]
[PlyCount "118"]
[EventDate "2008.08.21"]
[EventType "swiss"]
[EventRounds "9"]
[EventCountry "ITA"]
[SourceTitle "CBM 126 Extra"]
[Source "ChessBase"]
[SourceDate "2008.11.05"]
[SourceVersion "1"]
[SourceVersionDate "2008.11.05"]
[SourceQuality "1"]

1. c4 c5 2. Nf3 Nc6 3. d4 cxd4 4. Nxd4 f5 5. Nc3 g6 6. g3 Bg7 7. Be3 Nf6 8. Bg2 Ng4 9. Nxc6 Nxe3 10. Nxd8 Nxd1 11. Nxd1 Kxd8 12. 0-0 d6 13. Rb1 Rb8 14. Ne3 b5 15. Rfd1 bxc4 16. Nxc4 Ba6 17. b3 Kd7 18. e3 Rhc8 19. Bf1 Bb7 20. Bg2 Bxg2 21. Kxg2 Rc6 22. Rbc1 e6 23. Nd2 Rbc8 24. Rc4 Rxc4 25. Nxc4 d5 26. Rd2 Rc6 27. Kf3 Bc3 28. Rc2 Bf6 29. Rd2 Ke7 30. Nb2 e5 31. Na4 Ke6 32. Ke2 e4 33. Kd1 d4 34. exd4 Kd5 35. Nb2 Bxd4 36. Nc4 Kc5 37. Ke2 g5 38. Ne3 Bxe3 39. Kxe3 Kb4 40. Rd4+ Kc3 41. Ra4 Rd6 42. Rxa7 Rd3+ 43. Ke2 f4 44. gxf4 gxf4 45. Rc7+ Kb2 46. Rc4 f3+ 47. Ke1 Kxa2 48. Rxe4 Kxb3 49. Rh4 Kc2 50. Rc4+ Rc3 51. Rh4 Kd3 52. Kd1 Ra3 53. Kc1 Ra1+ 54. Kb2 Ra7 55. Kc1 Ke2 56. Rc4 Kxf2 57. Rc2+ Kg1 58. Rc8 f2 59. Rg8+ Kxh2 0-1

[Event "Lodi op"]
[Site "Lodi"]
[Date "2008.06.14"]
[Round "2"]
[White "Damia, Angelo"]
[Black "Maggi, Fabrizio"]
[Result "1/2-1/2"]
[WhiteElo "2302"]
[BlackElo "2003"]
[PlyCount "74"]
[EventDate "2008.06.13"]
[EventType "swiss"]
[EventRounds "5"]
[EventCountry "ITA"]
[SourceTitle "CBM 124 Extra"]
[Source "ChessBase"]
[SourceDate "2008.07.03"]
[SourceVersion "1"]
[SourceVersionDate "2008.07.03"]
[SourceQuality "1"]

1. e4 e6 2. d4 d5 3. Nc3 Bb4 4. exd5 exd5 5. Qf3 Be6 6. Bd3 c6 7. Nge2 Nf6 8. Bg5 Nbd7 9. Nf4 Bg4 10. Qe3+ Qe7 11. Qxe7+ Bxe7 12. f3 Be6 13. 0-0-0 Nf8 14. Rhe1 h6 15. Bxf6 Bxf6 16. Nxe6 Nxe6 17. Bf5 Kd7 18. Ne2 Rae8 19. c3 Kd6 20. Bxe6 Rxe6 21. Ng3 g6 22. Rxe6+ Kxe6 23. Re1+ Kd7 24. Kc2 Bh4 25. Kd3 Bxg3 26. hxg3 Re8 27. Rh1 h5 28. a4 b6 29. b4 a6 30. Kd2 Kd6 31. Rh4 b5 32. a5 Ke6 33. Ke3 Kf6+ 34. Kf2 Kg5 35. Rh1 f5 36. f4+ Kf6 37. Kf3 Re4 1/2-1/2

[Event "Zichichi Memorial"]
[Site "Ladispoli"]
[Date "2008.05.??"]
[Round "1"]
[White "Maggi, Fabrizio"]
[Black "Bruno, Antonino"]
[Result "1-0"]
[WhiteElo "2003"]
[BlackElo "1551"]
[PlyCount "55"]
[EventDate "2008.05.01"]
[EventType "swiss"]
[EventRounds "7"]
[EventCountry "ITA"]
[SourceTitle "EXT 2009"]
[Source "ChessBase"]
[SourceDate "2008.11.26"]
[SourceVersion "1"]
[SourceVersionDate "2008.11.26"]
[SourceQuality "1"]

1. c4 c5 2. Nf3 g6 3. e4 Bg7 4. d4 cxd4 5. Nxd4 Nc6 6. Be3 e6 7. Nc3 a6 8. Be2 Nge7 9. 0-0 0-0 10. Qd2 Re8 11. f4 d6 12. Bf3 Nxd4 13. Bxd4 e5 14. Be3 exf4 15. Bxf4 Qb6+ 16. Be3 Qc7 17. Rac1 Be6 18. Rfd1 Rad8 19. b3 Nc8 20. Kh1 Rd7 21. a4 b6 22. Nd5 Bxd5 23. cxd5 Qd8 24. Rc6 Rb7 25. Qb4 a5 26. Qb5 Ree7 27. Qa6 Ra7 28. Rxc8 1-0